Podniková identita Tatra banky, a.s. diplomová práca

Saved in:
Bibliographic Details
Main Author: Hrešková, Dana
Corporate Author: Podnikovohospodárska fakulta EU so sídlom v Košiciach. Katedra marketingu a obchodu
Other Authors: Šimegh, Peter
Format: Book
Language:Slovak
Published: Košice 2008
Tags: Add Tag
No Tags, Be the first to tag this record!

MARC

LEADER 00000nam$a2200000$$$4500
001 0079945
005 20240201120005.7
041 0 |a slo 
044 |a SK 
245 1 0 |a Podniková identita Tatra banky, a.s.  |b diplomová práca  |c Dana Hrešková ; škol. Peter Šimegh 
264 1 |a Košice  |c 2008 
300 |a 46 s. 
100 1 |a Hrešková, Dana 
700 1 |a Šimegh, Peter 
710 2 |a Podnikovohospodárska fakulta EU so sídlom v Košiciach. Katedra marketingu a obchodu